سُرخیِ شامِ سفر / (Record no. 107528)

MARC details
000 -LEADER
fixed length control field 00773nam a22002537a 4500
005 - DATE AND TIME OF LATEST TRANSACTION
control field 20170123162327.0
010 ## - LIBRARY OF CONGRESS CONTROL NUMBER
LC control number B-058106
020 ## - INTERNATIONAL STANDARD BOOK NUMBER
Terms of availability 75.00
035 ## - SYSTEM CONTROL NUMBER
System control number B-058106
037 ## - SOURCE OF ACQUISITION
Source of stock number/acquisition Cen Lib/Ret
040 ## - CATALOGING SOURCE
Original cataloging agency DPL
Language of cataloging UR
082 ## - DEWEY DECIMAL CLASSIFICATION NUMBER
Classification number 841
Item number ا خ ت
100 ## - MAIN ENTRY--PERSONAL NAME
Personal name اختر سید خان
9 (RLIN) 506
245 ## - TITLE STATEMENT
Title سُرخیِ شامِ سفر /
Statement of responsibility, etc اختر سید خان
246 ## - VARYING FORM OF TITLE
Title proper/short title Surkh-e-sham-e-safar /
Remainder of title by Akhtar Syyad Khan
260 ## - PUBLICATION, DISTRIBUTION, ETC. (IMPRINT)
Place of publication, distribution, etc بھوپال
Name of publisher, distributor, etc مدھیہ پردیش اردو اکادمی
Date of publication, distribution, etc 2000
270 ## - ADDRESS
City بھوپال
300 ## - PHYSICAL DESCRIPTION
Extent 144p.
Dimensions 21cm(Hb)
650 ## - SUBJECT ADDED ENTRY--TOPICAL TERM
Topical term or geographic name as entry element ادب --اردو
9 (RLIN) 119893
650 ## - SUBJECT ADDED ENTRY--TOPICAL TERM
Topical term or geographic name as entry element اردو نظم
9 (RLIN) 119894
650 ## - SUBJECT ADDED ENTRY--TOPICAL TERM
Topical term or geographic name as entry element Literature -- Urdu
9 (RLIN) 119895
650 ## - SUBJECT ADDED ENTRY--TOPICAL TERM
Topical term or geographic name as entry element Urdu poetry
9 (RLIN) 119896
942 ## - ADDED ENTRY ELEMENTS (KOHA)
Source of classification or shelving scheme Dewey Decimal Classification
Koha item type Urdu Bks
Classification part ن
Call number suffix ا خ ت
Holdings
Withdrawn status Lost status Damaged status Not for loan Home library Current library Date acquired Source of acquisition Cost, normal purchase price Total Checkouts Full call number Barcode Date last seen Copy number Cost, replacement price Price effective from Koha item type
        Central Library Central Library 08/01/2016 Cen Lib/Ret 75.00   841 ا خ ت B-058106 08/01/2016 1 75.00 08/01/2016 Urdu Bks

© Delhi Public Library
Hit Counter
free hit counter